00966pam a2200325 a 45000010005000000030006000050050017000110080041000280100017000690200015000860200027001010200018001280400023001460420009001690500014001780820008001921000036002002450090002362600038003263000048003644900029004125050007004415200063004485210018005115210018005296500019005476500020005667000033005868300021006194326FISKH20241106150957.0960409s1997 nyua a 000 1 eng  a 96018368  a0060274123 a0060274131 (lib. bdg.) a9780064442435 aDLCcDLCdDLCbeng alcac aPZ7.C179  a8131 aCapucilli, Alyssa Satin,d1957-10aBiscuit finds a friend /cstory by Alyssa Satin Capucilli ; pictures by Pat Schories. aNew York :bHarperCollins,c1997. a24 pages : bcolor illustrations ; c23 cm 1 aMy first I can read book aE  aA puppy helps a little duck find its way home to the pond.8 a210 bLexile 8 aE bRaz-Plus  1aDogsvFiction. 1aDucksvFiction.1 aSchories, Pat,eillustrator  0aI can read book.